000 01354nam a22002775i 4500
001 168083
003 ES-MaACL
005 20250824053635.0
008 040728s1901 sp |||| | spa d
040 _aCAM
_bspa
_cCAM
100 1 _aYráyzoz, Fiacro.
_9133996
245 1 0 _aPolvorilla
_b: zarzuela en un acto, dividido en cinco cuadros, original en prosa y verso /
_clibro de Fiacro Yráyzoz y Carlos Fernández Shaw ; música de los maestros Vives y Montesinos.
250 _a2ª ed.
260 _aMadrid :
_b[Hijos de E. Hidalgo :
_bArregui y Aruej],
_c1901 (
_fR. Velasco, imp.)
300 _a50 p. ;
_c19 cm.
490 1 _aBiblioteca lírico-dramática y teatro cómico
500 _aEn port.: Teatro Eslava, 31 diciembre 1900.
500 _aSolo la letra.
596 _aDatos de ed. y de serie constan en la cub.
700 1 _aFernández-Shaw, Carlos,
_d1865-1911
_950098
700 1 _aVives, Amadeo,
_d1871-1932
_9115566
700 1 _aMontesinos, Eduardo.
_982594
830 0 0 _aBiblioteca lirico-dramática y teatro cómico
_9188056
852 _aES-MaACL
_jF-8638(4)
_z-- Enc. pasta española, conservando la cub. original
_z-- Dedicatoria manuscrita de Carlos Fernández Shaw al Ateneo de Madrid
_z-- Enc. en un vol. facticio formando parte de la col. facticia "Teatro español moderno", vol. 93
999 _c168083
_d168083